Твоє ім'я - твій друг (Запис № 374986)

МАРК-запис
000 -Лідер
fixed length control field 00641nam a22002297a 4500
003 - Ідентифікатор контрольного номера
control field UA-OsUOA
001 - Контрольний номер
control field 88711
007 - Фіксоване поле фізичного опису
fixed length control field ta
008 - Елементи даних фіксованої довжини – загальна інформація
fixed length control field 20121012b un ||||| |||| 00| 0 ukr d
090 ## - Локальний шифр розміщення
Класифікаційний індекс УДК 821.161.2
Авторський знак (НП) Г54
040 ## - Джерело каталогізації
Агенція оригінальної каталогізації UA-OsUOA
Мова каталогізації ukr
Агенція, яка здійснювала перезапис UA-OsUOA
Агенція, яка здійснювала модифікацію UA-OsUOA
041 ## - Код мови
Код мови тексту/ звукової доріжки чи окремого заголовка (П) ukr
080 ## - Індекс Універсальної десяткової класифікації
Індекс Універсальної десяткової класифікації (УДК) (НП) 821.161.2
100 ## - Основне введення – ім’я особи
Ім’я особи (НП) Глинський І.
245 ## - Відомості про назву
Назва (НП) Твоє ім'я - твій друг
Решта назви (НП) науково-художня книжка
260 ## - Публікація, розповсюдження і т.п. (Вихідні дані)
Місце публікації, розповсюдження і т.п. (П) К.
Ім’я/ наймення видавництва, розповсюджувача і т.п. (П) Веселка
Дата публікації, розповсюдження і т.п. (П) 1978
300 ## - Фізичний опис
Обсяг 236 с.
650 #7 - Додаткове предметне введення – тематичний термін
Тематичний термін чи географічна назва, як елемент введення (НП) 82 Література. Літературознавство
Джерело заголовка чи терміна UDC
942 ## - Додаткові елементи входу (Коха)
Тип елемента Koha Книги
955 ## - Код типу видання за змістом
Код типу видання за змістом (НП) Літературно-художні видання
Фонди
Стан вилучень Стан втрат Джерело класифікації або схеми стелажів Стан уражень Не для кредиту Постійне місце розташування Поточне розміщення Дата придбання Інвентарний номер Усього замовленно Повний номер виклику Штрих-код Дата останнього перегляду Ціна ефективна від Тип елемента Koha
    Universal Decimal Classification     АБ - Абонемент НБ АБ - Абонемент НБ 12/10/2012 16627   821.161.2 Г54 16627 22/02/2022 12/10/2012 Книги
    Universal Decimal Classification     АБ - Абонемент НБ АБ - Абонемент НБ 12/10/2012 16628   821.161.2 Г54 16628 22/02/2022 12/10/2012 Книги
    Universal Decimal Classification     АБ - Абонемент НБ АБ - Абонемент НБ 12/10/2012 16629   821.161.2 Г54 16629 22/02/2022 12/10/2012 Книги
    Universal Decimal Classification     АБ - Абонемент НБ АБ - Абонемент НБ 18/10/2012 16631   821.161.2 Г54 16631 22/02/2022 12/10/2012 Книги
    Universal Decimal Classification     АБ - Абонемент НБ АБ - Абонемент НБ 24/10/2012 16633   821.161.2 Г54 16633 22/02/2022 12/10/2012 Книги
    Universal Decimal Classification     АБ - Абонемент НБ АБ - Абонемент НБ 12/10/2012 16634   821.161.2 Г54 16634 22/02/2022 12/10/2012 Книги
    Universal Decimal Classification     АБ - Абонемент НБ АБ - Абонемент НБ 12/10/2012 16635   821.161.2 Г54 16635 22/02/2022 12/10/2012 Книги
    Universal Decimal Classification     АБ - Абонемент НБ АБ - Абонемент НБ 12/10/2012 16638   821.161.2 Г54 16638 22/02/2022 12/10/2012 Книги
    Universal Decimal Classification     АБ - Абонемент НБ АБ - Абонемент НБ 12/10/2012 16640   821.161.2 Г54 16640 22/02/2022 12/10/2012 Книги
    Universal Decimal Classification     АБ - Абонемент НБ АБ - Абонемент НБ 12/10/2012 43395   821.161.2 Г54 43395 22/02/2022 12/10/2012 Книги